<?xml version="1.0" encoding="UTF-8"?><?xml-stylesheet type="text/xsl" href="static/style.xsl"?><OAI-PMH xmlns="http://www.openarchives.org/OAI/2.0/" xmlns:xsi="http://www.w3.org/2001/XMLSchema-instance" xsi:schemaLocation="http://www.openarchives.org/OAI/2.0/ http://www.openarchives.org/OAI/2.0/OAI-PMH.xsd"><responseDate>2026-04-17T04:08:16Z</responseDate><request verb="GetRecord" identifier="oai:www.recercat.cat:2445/144694" metadataPrefix="marc">https://recercat.cat/oai/request</request><GetRecord><record><header><identifier>oai:recercat.cat:2445/144694</identifier><datestamp>2025-12-05T05:30:13Z</datestamp><setSpec>com_2072_1057</setSpec><setSpec>col_2072_478857</setSpec><setSpec>col_2072_478917</setSpec></header><metadata><record xmlns="http://www.loc.gov/MARC21/slim" xmlns:dcterms="http://purl.org/dc/terms/" xmlns:xsi="http://www.w3.org/2001/XMLSchema-instance" xmlns:doc="http://www.lyncode.com/xoai" xsi:schemaLocation="http://www.loc.gov/MARC21/slim http://www.loc.gov/standards/marcxml/schema/MARC21slim.xsd">
   <leader>00925njm 22002777a 4500</leader>
   <datafield ind2=" " ind1=" " tag="042">
      <subfield code="a">dc</subfield>
   </datafield>
   <datafield ind2=" " ind1=" " tag="720">
      <subfield code="a">Colomines i Companys, Agustí, 1957-</subfield>
      <subfield code="e">author</subfield>
   </datafield>
   <datafield ind2=" " ind1=" " tag="260">
      <subfield code="c">2019-11-13T14:07:57Z</subfield>
   </datafield>
   <datafield ind2=" " ind1=" " tag="260">
      <subfield code="c">2019-11-13T14:07:57Z</subfield>
   </datafield>
   <datafield ind2=" " ind1=" " tag="260">
      <subfield code="c">2008</subfield>
   </datafield>
   <datafield ind2=" " ind1=" " tag="260">
      <subfield code="c">2019-11-13T14:07:57Z</subfield>
   </datafield>
   <datafield ind2=" " ind1=" " tag="520">
      <subfield code="a">The advent of the Spanish Second Republic is bound irrevocably to the fall of the Dictatorship of General Primo de Rivera (January 29, 1930), a result of the downfall of those who had supported him from the outset. The figure of Alfonso XIII suddenly became the target of all opposition, besides those who were bitter at the dictator and his former friends. For a time, the king attempted to govern as Primo had, with a directory of ministers presided by General Dámaso Berenguer. Even so, closing the parenthesis of the Dictatorship would not suffice to save the throne since this collapse was the consequence of a process of decomposition of the Restoration system which had begun in 1909 with the Tragic Week, gained momentum in 1917 with the Parliamentary Assembly movement and followed by the revolutionary strike of July-August 1918.By 1923, in the wake of that convulsion, Republican feeling had spread countrywide. Many army officers - including what was left of Primo's Unión Patriótica - thought that the king had acted dishonestly in accepting the dictator's resignation. The Berenguer government had to face up to a challenge from sectors of opinion that were already against the throne and, negotiating pitfalls, it tried to deploy its programme seeking to return to «constitutional normality».</subfield>
   </datafield>
   <datafield tag="653" ind2=" " ind1=" ">
      <subfield code="a">Identitat nacional</subfield>
   </datafield>
   <datafield tag="653" ind2=" " ind1=" ">
      <subfield code="a">Catalunya</subfield>
   </datafield>
   <datafield tag="653" ind2=" " ind1=" ">
      <subfield code="a">Guerra Civil Espanyola, 1936-1939</subfield>
   </datafield>
   <datafield tag="653" ind2=" " ind1=" ">
      <subfield code="a">National characteristics</subfield>
   </datafield>
   <datafield tag="653" ind2=" " ind1=" ">
      <subfield code="a">Catalonia</subfield>
   </datafield>
   <datafield tag="653" ind2=" " ind1=" ">
      <subfield code="a">Spanish Civil War, 1936-1939</subfield>
   </datafield>
   <datafield ind2="0" ind1="0" tag="245">
      <subfield code="a">Representing Catalan National Identity. Catalonia during the Spanish second Republic and the civil war</subfield>
   </datafield>
</record></metadata></record></GetRecord></OAI-PMH>